000 00482nam a2200205Ia 4500
003 0100
008 130303s9999 xx 000 0 und d
040 _cARRUPELIB
050 _aHM261.H4 1970
100 _aHennessy, Bernard C
245 _aPublic opinion
260 _aBelmont
260 _bWadsworth Pub. Co.
260 _C1970
300 _a421 p.
300 _b ill. 25 cm
440 _aWadsworth series in politics
700 _aBernard C. Hennessy
942 0 0 _01
999 _c33985
_d33985